01796 a2200253 4500003000500000005001700005010001700022020003100039040000900070082001400079100003200093245010600125250001200231260005500243300000900298505088200307650004301189650004801232650006401280700003001344942001201374999001901386952013701405Nust20231106114348.0 a 2009051628 a9780071633758 (alk. paper) cNust00a005.8,CON1 aConklin, Wm. Arthur911860910aPrinciples of computer security :bCompTIA security+ and beyond /cWm. Arthur Conklin, Gregory White. a2nd ed. aSan Francisco, CA :bMcGraw-Hill Companies,c2010. a665p aIntoduction and security trends (Page-1), General security concepts (Page-19), Operational organizational security (Page-43), The role of people in security (Page-63), Cryptography (Page-77), Public key infrastructure (Page-107), Standards and protocols (Page-153), The impact of physical security on network security (Page-181), Network fundamentals (Page-195), Infrastructure security (Page-215), Remote access (Page-257), Wireless and instant messaging (Page-287), Intrusion detection system (Page-309), Security baselines (Page-337), Attacks and malware (Page-395), E-mail (Page-423), Web components (Page-439), Software development (Page-469), Disaster recovery ,business continuity and organizational policies (Page-483), Risk management (Page-511), Change management (Page-533), Previlege management (Page-549), Computer forensics (Page-569),Security and Law (Page-587). 0aComputer networksxExaminations994252 0aComputer techniciansxCertification9118610 0aElectronic data processing personnelxCertification.9817041 aWhite, Gregory B.9118611 2ddccBK c179954d179954 00102ddc4070aMCSbMCScGENd2016-12-12l1o005.8,CONpMCS32319r2023-11-06s2022-08-25w2016-12-12yBKzAlmirah No.8, Shelf No.6